Highest Batting Strike Rate for Srh in an innings [IPL] - Statistics

General Stats
  • This quiz has been taken 69 times
  • The average score is 4 of 9
Answer Stats
Strike Rate Runs(Balls) Opposition Year Player % Correct
232.00 58 (25) Royal Challengers Bangalore 2016 David Warner
89%
260.00 39 (15) Royal Challengers Bangalore 2016 Ben Cutting
75%
260.00 39 (15) Chennai Super Kings 2022 Rahul Tripathi
55%
225.00 36 (16) Mumbai Indians 2023 Heinrich Klaasen
43%
229.62 62 (27) Royal Challengers Bangalore 2017 Yuvraj Singh
43%
259.09 57 (22) Royal Challengers Bangalore 2015 Moises Henriques
37%
233.33 35 (15) Rajasthan Royals 2019 Vijay Shankar
23%
225.00 63 (28) Rajasthan Royals 2015 Eoin Morgan
20%
225.00 36 (16) Chennai Super Kings 2013 Ashish Reddy
15%
No matching quizzes found
Score Distribution
Percent of People with Each Score
Percentile by Number Answered
Your Score History
You have not taken this quiz